000 01166nam a2200253Ia 4500
003 Ost
005 20260416102355.0
008 260416s9999||||xx |||||||||||||| ||und||
040 _cfsecg
041 _aara
082 _a330
100 _aمسعودي، رشيدة
_eمؤلف
245 0 _aمدخل إلى علم الإقتصاد /
_c رشيدة مسعودي
260 _aالجزائر
_bجامعة الجزائر3: كلية العلوم الإقتصادية، العلوم التجارية وعلوم التسيير
_c2019
300 _a95 ورقة
_bايضاحات
_c30 سم
504 _aمراجع ص.94
520 _aمدخل نظري لعلم الاقتصاد، مبادئ الاقتصاد الجزئي، الاقتصاد الكلي، التنمية المستدامة والتجارة الدولية
653 _aالاقتصاد
653 _aالاقتصاد الجزئي
653 _aالاقتصاد الكلي
653 _aالتجارة الخارجية
710 _aجامعة الجزائر3: كلية العلوم الإقتصادية، العلوم التجارية وعلوم التسيير
_eناشر علمي
942 _cHANDOUT
999 _c41163
_d41163